| 000 | 00706nam a22002297a 4500 | ||
|---|---|---|---|
| 001 | 1704 | ||
| 003 | CO-MdFUSB | ||
| 005 | 20190202100310.0 | ||
| 008 | 170512t1946 it ||||| |||| 00| 0 ita d | ||
| 040 |
_aCO-MdFUSB _bspa _cCO-MdFUSB _dCO-MdFUSBC _erda |
||
| 041 | _aita | ||
| 082 | 0 | 4 | _aG 220.545 D589s |
| 245 | 3 |
_aLa Sacra Bibbia _c / Stampata a cura della Società Biblica Britannica e Forestiera, Giovanni Diodati, Traductor |
|
| 264 | 4 |
_aRoma, Italia : _b Societá Biblica Britannica e Forestiera, _c©1946 |
|
| 300 | _a1008 Pag | ||
| 336 |
_2rdacontent _a1 _ba1 |
||
| 337 |
_2rdamedia _a2 _b5 |
||
| 338 |
_2rdacarrier _a2 _b5 |
||
| 650 | 0 |
_aBiblia _916 |
|
| 653 | _aVersiones de la Biblia | ||
| 942 | _cBK | ||
| 999 |
_c32932 _d32932 |
||